000 00352nam a2200133Ia 4500
008 240624s9999 xx 000 0 und d
041 _aeng
082 _a658.452 KUM
100 _aKUMAR V V RAVI
245 _aEFFECTIVE PRESENTATION SKILLS THE KEY TO
260 _c2006
_aHyderabad
_bICFAI press
300 _axi, : 203 : p. : cm. ; 23
365 _cRS
_b50
999 _c6461
_d6461